Normal view MARC view

Entry Personal Name

Number of records used in: 1

001 - CONTROL NUMBER

  • control field: 299879

003 - CONTROL NUMBER IDENTIFIER

  • control field: OSt

005 - DATE AND TIME OF LATEST TRANSACTION

  • control field: 20220925234302.0

008 - FIXED-LENGTH DATA ELEMENTS

  • fixed length control field: 220925|| aca||aabn | a|a d

040 ## - CATALOGING SOURCE

  • Original cataloging agency: OSt
  • Transcribing agency: OSt

100 ## - HEADING--PERSONAL NAME

  • Personal name: KEDIA Akshat

670 ## - SOURCE DATA FOUND

  • Source citation: Work cat.: (OSt)595303: KEDIA Akshat, BHATAT'S HANDBOOK on accounting standards(summary book with Bharats handbook), 2015
Copyright @ Delhi University Library System